Thermal Engineering (In S.I. Units) (Including Basic Thermodynamics) (Heat engines) (Record no. 11599)
[ view plain ]
| 000 -LEADER | |
|---|---|
| fixed length control field | 00427cam a2200145ua 4500 |
| 020 ## - INTERNATIONAL STANDARD BOOK NUMBER | |
| ISBN | 8174090312 |
| 082 ## - DEWEY DECIMAL CLASSIFICATION NUMBER | |
| Classification number | 621.402 |
| Item number | BAL/TH |
| 100 ## - MAIN ENTRY--AUTHOR NAME | |
| Personal name | Ballaney, P L. |
| 245 ## - TITLE STATEMENT | |
| Title | Thermal Engineering (In S.I. Units) (Including Basic Thermodynamics) (Heat engines) |
| 250 ## - EDITION STATEMENT | |
| Edition statement | 24th |
| 260 ## - PUBLICATION, DISTRIBUTION, ETC. (IMPRINT) | |
| Place of publication | New Delhi |
| Name of publisher | Khanna Publishers |
| Year of publication | 2012 |
| 300 ## - PHYSICAL DESCRIPTION | |
| Number of Pages | 1508p |
| 500 ## - GENERAL NOTE | |
| General note | Thermodynamics and Energy Conversion Techniques |
| 942 ## - ADDED ENTRY ELEMENTS (KOHA) | |
| Koha item type | Books |
| Withdrawn status | Lost status | Damaged status | Collection code | Home library | Current library | Shelving location | Date acquired | Source of acquisition | Cost, normal purchase price | Full call number | Accession Number | Koha item type |
|---|---|---|---|---|---|---|---|---|---|---|---|---|
| Non-fiction | KAUAET | KAUAET | General Stacks | 31/03/2012 | Current Books, Thrissur | 500.00 | 621.402 BAL/TH | 23292 | Books | |||
| Non-fiction | KAUAET | KAUAET | General Stacks | 31/03/2012 | Current Books, Thrissur | 500.00 | 621.402 BAL/TH | 23293 | Books | |||
| Non-fiction | KAUAET | KAUAET | General Stacks | 31/03/2012 | Current Books, Thrissur | 500.00 | 621.402 BAL/TH | 23294 | Books | |||
| Non-fiction | KAUAET | KAUAET | General Stacks | 31/03/2012 | Current Books, Thrissur | 500.00 | 621.402 BAL/TH | 23295 | Books | |||
| Non-fiction | KAUAET | KAUAET | General Stacks | 31/03/2012 | Current Books, Thrissur | 500.00 | 621.402 BAL/TH | 23296 | Books | |||
| Non-fiction | KAUAET | KAUAET | General Stacks | 31/03/2012 | Current Books, Thrissur | 500.00 | 621.402 BAL/TH | 23297 | Books | |||
| Non-fiction | KAUAET | KAUAET | General Stacks | 31/03/2012 | Current Books, Thrissur | 500.00 | 621.402 BAL/TH | 23298 | Books | |||
| Non-fiction | KAUAET | KAUAET | General Stacks | 31/03/2012 | Current Books, Thrissur | 500.00 | 621.402 BAL/TH | 23299 | Books | |||
| Non-fiction | KAUAET | KAUAET | General Stacks | 31/03/2012 | Current Books, Thrissur | 500.00 | 621.402 BAL/TH | 23300 | Books | |||
| Non-fiction | KAUAET | KAUAET | General Stacks | 31/03/2012 | Current Books, Thrissur | 500.00 | 621.402 BAL/TH | 23301 | Books | |||
| Non-fiction | KAUAET | KAUAET | General Stacks | 31/03/2012 | 621.402 BAL/TH | 23109 | Books | |||||
| KAUAET | KAUAET | General Stacks | 30/03/2013 | Aman Book Stall, Calicut | 500.00 | 621.402 BAL/TH | 24135 | Books |
